William Wyler Filmography - Statistics

General Stats
  • This quiz has been taken 15 times
  • The average score is 22 of 98
Answer Stats
Type Year Name % Correct
Film Director 1959 Ben-Hur
89%
Film Production 1959 Ben-Hur
89%
Film Director 1942 Mrs. Miniver
67%
Film Production 1942 Mrs. Miniver
67%
Film Director 1953 Roman Holiday
67%
Film Production 1953 Roman Holiday
67%
Film Director 1946 The Best Years of Our Lives
67%
Film Director 1939 Wuthering Heights
67%
Film Director 1936 Dodsworth
56%
Film Director 1961 The Children's Hour
56%
Film Production 1961 The Children's Hour
56%
Film Director 1949 The Heiress
56%
Film Production 1949 The Heiress
56%
Film Director 1940 The Letter
56%
Film Production 1940 The Letter
56%
Film Director 1941 The Little Foxes
56%
Film Director 1956 Friendly Persuasion
44%
Film Production 1956 Friendly Persuasion
44%
Film Director 1968 Funny Girl
44%
Film Director 1966 How to Steal a Million
44%
Film Director 1938 Jezebel
44%
Film Production 1938 Jezebel
44%
Film Director 1933 Counsellor at Law
33%
Film Director 1937 Dead End
33%
Film Director 1951 Detective Story
33%
Film Production 1951 Detective Story
33%
Film Director 1958 The Big Country
33%
Film Production 1958 The Big Country
33%
Film Director 1965 The Collector
33%
Film Director 1970 The Liberation of L.B. Jones
33%
Film Production 1970 The Liberation of L.B. Jones
33%
Film Director 1936 These Three
33%
Film Director 1952 Carrie
22%
Film Production 1952 Carrie
22%
Film Director 1936 Come and Get It
22%
Film Director 1955 The Desperate Hours
22%
Film Production 1955 The Desperate Hours
22%
Film Director 1935 The Good Fairy
22%
Film Production 1935 The Good Fairy
22%
Documentary Director 1944 The Memphis Belle: A Story of a Flying Fortress
22%
Documentary Writer 1944 The Memphis Belle: A Story of a Flying Fortress
22%
Film Director 1940 The Westerner
22%
Film Director 1931 A House Divided
11%
Film Director 1928 Anybody Here Seen Kelly?
11%
Film Director 1927 Blazing Days
11%
Film Production 1927 Blazing Days
11%
Film Director 1927 Desert Dust
11%
Short Film Director 1926 Don't Shoot
11%
Film Director 1934 Glamour
11%
Film Director 1927 Hard Fists
11%
Film Director 1929 Hell's Heroes
11%
Film Director 1933 Her First Mate
11%
Film Director 1926 Lazy Lightning
11%
Short Film Director 1926 Martin of the Mounted
11%
Short Film Director 1926 Ridin' for Love
11%
Short Film Screenplay 1926 Ridin' for Love
11%
Short Film Story 1926 Ridin' for Love
11%
Film Director 1927 Straight Shootin'
11%
Film Director 1927 The Border Cavalier
11%
Short Film Director 1925 The Crook Buster
11%
Documentary Director 1944 The Fighting Lady
11%
Documentary Writer 1950 The Fighting Lady Featuring USS Yorktown
11%
Short Film Director 1926 The Fire Barrier
11%
Film Director 1935 The Gay Deception
11%
Short Film Director 1926 The Gunless Bad Man
11%
Short Film Director 1927 The Horse Trader
11%
Film Director 1929 The Love Trap
11%
Film Production 1929 The Love Trap
11%
Film Director 1929 The Shakedown
11%
Film Director 1926 The Stolen Ranch
11%
Film Director 1930 The Storm
11%
Short Film Director 1927 The Two Fister
11%
Documentary Director 1947 Thunderbolt
11%
Film Director 1928 Thunder Riders
11%
Film Director 1932 Tom Brown of Culver
11%
Short TV Documentary Appearance 2003 Bette Davis and William Wyler
0%
Documentary Series Appearance 1976 Bicentennial Minutes
0%
Short Film Director 1927 Daze of the West
0%
Short Film Director 1927 Galloping Justice
0%
Short Film Director 1927 Gun Justice
0%
Short Film Director 1927 Kelcy Gets His Man
0%
Film Director 1933 Private Jones
0%
TV Show Production 1956 Producers' Showcase
0%
Film Director 1939 Raffles
0%
Short Film Director 1927 Tenderfoot Courage
0%
Film Director 1938 The Cowboy and the Lady
0%
TV Show Appearance 1957 The Ed Sullivan Show
0%
Short Film Director 1927 The Haunted Homestead
0%
Short Film Director 1927 The Home Trail
0%
TV Show Appearance 1967 The Jackie Gleason Show
0%
Short Film Director 1927 The Lone Star
0%
TV Show Appearance 1973 The Merv Griffin Show
0%
Short Film Director 1927 The Ore Raiders
0%
Short Film Director 1927 The Phantom Outlaw
0%
Short Film Director 1926 The Pinnacle Rider
0%
Short Film Director 1927 The Silent Partner
0%
Short Film Director 1927 The Square Shooter
0%
Documentary Series Appearance 1963, 1971 This Is Your Life
0%
No matching quizzes found
Score Distribution
Percent of People with Each Score
Percentile by Number Answered
Your Score History
You have not taken this quiz